<?xml version="1.0" encoding="UTF-8"?>
<marc:record xmlns:marc="http://www.loc.gov/MARC21/slim">
   <marc:leader>00000nam a2200000 a 4500</marc:leader>
   <marc:datafield ind1="1" ind2=" " tag="100">
      <marc:subfield code="a">Giordano, Mario</marc:subfield>
      <marc:subfield code="4">aut</marc:subfield>
      <marc:subfield code="e">Verfasser/-in</marc:subfield>
   </marc:datafield>
   <marc:datafield ind1="0" ind2="0" tag="245">
      <marc:subfield code="a">Tante Poldi und der schöne Antonio</marc:subfield>
   </marc:datafield>
   <marc:datafield ind1=" " ind2="1" tag="264">
      <marc:subfield code="b">Bastei Lübbe AG</marc:subfield>
      <marc:subfield code="c">2018</marc:subfield>
   </marc:datafield>
   <marc:datafield ind1="1" ind2=" " tag="490">
      <marc:subfield code="a">Tante Poldi</marc:subfield>
   </marc:datafield>
   <marc:datafield ind1="1" ind2=" " tag="520">
      <marc:subfield code="a">Bei der Poldi bleibt's weiterhin turbulent. Es kreuzen wieder mal viel zu viele Männer ihren Weg, die ihr das Leben schwermachen. Und dann ist auch noch einer verschwunden: Thomas, der vor zwei Wochen mit einem Koffer äußerst wertvollen Inhalts von Tansania nach Europa aufgebrochen ist. Dass er diesen Koffer einem afrikanischen Boss gestohlen hat, macht die Sache nicht unbedingt besser. Als Poldi Thomas schließlich aufspürt, ist der Afrikaner leider bereits mausetot und auch nicht mehr ganz vollständig. Klar, dass die Poldi wieder mal für Gerechtigkeit sorgen muss! Das wiederum missfällt nicht nur Montana, dem Commissario ihres Herzens, sonder auch John, dem Ex-Mann ihres Herzens ...</marc:subfield>
   </marc:datafield>
   <marc:datafield ind1=" " ind2=" " tag="020">
      <marc:subfield code="a">9783431039832</marc:subfield>
      <marc:subfield code="9">9783431039832</marc:subfield>
   </marc:datafield>
</marc:record>
